000
00265nam a2200109 a 4500
008
110502s1980|||| d
245
1
0
_a
Neues Deutsches Worter- Buch
260
_b
Verlag Corvus by
_a
Berlín
_c
1980
020
_c
30
041
_a
nemecký
044
_a
Ne
999
_c
17783
_d
17783